Statistics for Countries that Trade the most with Hawaii

Click here to take the quiz!

General Stats

  • This quiz has been taken 49 times
  • The average score is 19 of 24

Answer Stats

Exports Imports Country % Correct
340Australia
100%
124389China
100%
79480Japan
100%
93Thailand
98%
11969South Korea
98%
25133Canada
96%
4814Indonesia
96%
7New Zealand
96%
275Russia
93%
1353Taiwan
93%
6Philippines
93%
6United Kingdom
91%
10India
91%
16163Vietnam
91%
123Singapore
87%
184France
83%
41Italy
78%
109Saudi Arabia
67%
280United Arab Emirates
63%
47Colombia
57%
13Bangladesh
41%
6Panama
39%
64Nigeria
28%
284Libya
4%

Score Distribution

Percentile by Number Answered

Percent of People with Each Score

Your Score History

You have not taken this quiz